Football Teams Gerard Pique has played for - Statistics

General Stats
  • This quiz has been taken 20 times
  • The average score is 4 of 5
Answer Stats
Years Hint Team % Correct
2008-2022 Club Barcelona
100%
2009-2018 Nation Spain
100%
2004-2008 Club Manchester United
90%
2008-2019 Nation Catalonia
35%
2006-2007 (Loan) Club Real Zaragoza
25%
No matching quizzes found
Score Distribution
Percent of People with Each Score
Percentile by Number Answered
Your Score History
You have not taken this quiz